| 000 | 00547nam a22001937a 4500 | ||
|---|---|---|---|
| 005 | 20150710113502.0 | ||
| 010 | _aENG-113162 | ||
| 020 |
_c650.00 _a9788173818752 |
||
| 035 | _aEN-96694 | ||
| 037 | _bDBAD/PUB | ||
| 082 | _a200 | ||
| 100 | _aAhuja, M. L. | ||
| 245 |
_aPerspectives in world religions / _cby M. L. Ahuja |
||
| 260 |
_bNew Central Book Agency _c2014 _aKolkata |
||
| 270 |
_bKolkata _e700009 _a8/1Chintamoni Das Lane, |
||
| 300 |
_ax,441p. _c24cm(Hb) |
||
| 500 | _aIncludes index | ||
| 942 |
_2ddc _cEN _mAHU _h200 |
||
| 999 |
_c93840 _d93840 |
||